000 00510nam a2200181Ia 4500
008 240925s9999 xx 000 0 und d
020 _a29465079
082 _a519.2 HEL
100 _aHelstrom ,Carl W.
245 0 _aProbability and Stochastic Processes for Engineers
250 _a2nd
260 _aCalifornia:
_bBrooks/Cole Cengagae Learning
_c,1991.
300 _axiii,543p.
_bNA
_fPhotocopy
500 _aIncludes Index
600 _aHumanities & Natural Science
650 _aMathematics
942 _cBK
999 _c9939
_d9939